LEADER 01300nam a2200277 i 4500 001 000000340202 003 CaOOAMICUS 005 20200516151934.0 008 200516s1971 vc u001 u ita u 013 $a175283 040 $aSeMil$bita 245 10$aEsortazione apostolica di Sua Santitą Paolo 6. circa il rinnovamento della vita religiosa secondo l'insegnamento del Concilio. 260 $a[Cittą del Vaticano] :$bTipografia Poliglotta Vaticana,$c[1971] 300 $a63 p. ;$c23 cm. 541 $aFondo Card. Giovanni Colombo. 650 4$aPaolo VI - Esortazioni apostoliche.$0(OLS)http://semarc/subject/28972 700 0 $aPaulus VI,$c.$0(OLS)http://semarc/name/803 850 $aSeMil 852 $aSeMil$W1$xVenegono$y1$m3GC VIII 255/20$j220947$B231326$CSeMilBibl$Z2$F231326 $81 900 1 $aMontini, Giovanni Battista,$d<1897-1978>. 900 0 $aPaolo VI$c. 996 $6245$aEsortazione apostolica di Sua Santitą Paolo 6. circa il rinnovamento della vita religiosa secondo l'insegnamento del Concilio$9(OLS)http://semarc/title/429207 996 $6260$a[Cittą del Vaticano] :$bTipografia Poliglotta Vaticana$9(OLS)http://semarc/publisher/32047 LEADER 00925nam a2200205 4500 001 000000353911 003 CaOOAMICUS 005 20230522101950.0 008 230522s1952 it 000 u ita r 040 $aSeMil$bita 100 1 $aSamek Lodovici, Emanuele <1942-1981>.$0(OLS)http://semarc/name/21072 245 10$aPer il potenziamento dell'organizzazione trasfusionale dell'A.V.I.S / $cEmanuele Samek Lodovici. 264 1$aRoma :$bTipografia del Senato,$c1952. 300 $a11 p. ;$c22 cm 500 $aDiscorso pronunziato al Senato della Repubblica nella seduta del 26 ottobre 1951 850 $aSeMil 852 $aSeMil$W1$xVenegono$y1$m5A IV 4/21$j240655$B245116$CSeMilBibl$Z2$F245116 $81 996 $6245$aPer il potenziamento dell'organizzazione trasfusionale dell'A.V.I.S / $9(OLS)http://semarc/title/444056 996 $6264$aRoma :$bTipografia del Senato$9(OLS)http://semarc/publisher/38925 LEADER 00890nam a2200205 i 4500 001 000000192475 003 CaOOAMICUS 005 20100920000000.0 008 100920s1916 it u000 u ita u 013 $a171054 040 $aSeMil$bita 100 0 $aRoberto : di Santa Teresa del Bambin Gesł,$c.$0(OLS)http://semarc/name/33043 245 12$aL'infanzia e la giovinezza delle sante /$cP. Roberto di S. Teresa Carmelitano Scalzo della Provincia Veneta. 260 $aBrescia :$bTipolitografia Queriniana,$c1916. 300 $a279 p. ;$c18 cm. 650 4$aAgiografia.$0(OLS)http://semarc/subject/327 850 $aSeMil 852 $aSeMil$W1$xVenegono$y1$m3J II 88$j143050$B143050$CSeMilBibl$Z2$F154420 $81 996 $6245$aL'infanzia e la giovinezza delle sante$9(OLS)http://semarc/title/277400 996 $6260$aBrescia :$bTipolitografia Queriniana$9(OLS)http://semarc/publisher/49366